Ecología del periquito frentirrufo (Bolborhynchus ferrugineifrons) en el Parque Nacional Los Nevados (Registro nro. 3024)

Detalles MARC
000 -CABECERA
Campo de control 01395nam a2200289 a 4500
005 - FECHA Y HORA DE LA ULTIMA TRANSACCION
Campo de control 20150827151743.0
008 - ELEMENTOS DE LONGITUD FIJA—INFORMACION GENERAL
Campo de control 140122b2002 ck ||||| |||| 00| 0 spa d
041 ## - IDIOMA
Código de idioma para texto/pista de sonido o título separado Español
044 ## - PAÍS DE PUBLICACIÓN
País de publicación Colombia
090 ## - CLASIFICACIÓN LOCAL
Colección IAvH
Consecutivo 00231
100 ## - ASIENTO PRINCIPAL--NOMBRE PERSONAL
Nombre personal Espinosa, Rocío
245 ## - MENCION DE TITULO
Título Ecología del periquito frentirrufo (Bolborhynchus ferrugineifrons) en el Parque Nacional Los Nevados
260 ## - PUBLICACION, DISTRIBUCION, ETC. (PIE DE IMPRENTA)
Lugar de publicación, distribución, etc. Bogotá
Nombre del editor, distribuidor, etc. Cenicafé
Fecha de publicación, distribución, etc. 2002
300 ## - DESCRIPCION FISICA
Extensión 18 p.
520 ## - NOTA DE RESUMEN, ETC.
Nota de resumen Se busca obtener información básica sobre la ecología del Periquito Frentirrufo y formular recomendaciones para la conservación de la especie en regiones cercanas a la laguna del Otún, en el Parque Nacional de los Nevados, mediante el estudio de las poblaciones, ecología, comportamiento reproductivo de la especie y la formulación de recomendaciones para su conservación en la región. Se plantea la necesidad de emprender investigaciones que permitan mayores conocimientos sobre la especie y su protección
650 ## - ASIENTO SECUNDARIO DE MATERIA - TERMINO TEMATICO
Término temático o nombre geográfico como elemento de entrada Aves endémicas
650 ## - ASIENTO SECUNDARIO DE MATERIA - TERMINO TEMATICO
Término temático o nombre geográfico como elemento de entrada Riesgo de extinción
650 ## - ASIENTO SECUNDARIO DE MATERIA - TERMINO TEMATICO
Término temático o nombre geográfico como elemento de entrada Ecología de la especie
650 ## - ASIENTO SECUNDARIO DE MATERIA - TERMINO TEMATICO
Término temático o nombre geográfico como elemento de entrada Conservación
700 ## - ASIENTO SECUNDARIO - NOMBRE PERSONAL
Nombre personal Aristizábal, Cristina
700 ## - ASIENTO SECUNDARIO - NOMBRE PERSONAL
Nombre personal Botero, Jorge E.
700 ## - ASIENTO SECUNDARIO - NOMBRE PERSONAL
Nombre personal Roncancio, Néstor
700 ## - ASIENTO SECUNDARIO - NOMBRE PERSONAL
Nombre personal Pfeifer, Ana M.
700 ## - ASIENTO SECUNDARIO - NOMBRE PERSONAL
Nombre personal Verhelst, Juan Carlos
700 ## - ASIENTO SECUNDARIO - NOMBRE PERSONAL
Nombre personal Orrego Santa, Oscar
942 ## - ELEMENTOS ADICIONALES (KOHA)
Tipo de ítem Informe Técnico
Sistema de clasificación Local
Existencias
Withdrawn status Lost status Sistema de Clasificación Damaged status No para préstamo Colección Inventariado Ubicación Permanente Ubicación actual Fecha de adquisición Fuente de Valor Total Checkouts Número topográfico Inventario / Código de Barras Date last seen Ejemplar Price effective from Forma de adquisición Tipo de material
    Local     Humboldt Inventariado 2017 Bogotá Bogotá 05/02/2003 Franco,Ana María   IAvH-00231 004211 09/08/2024 Ej. 1 04/12/2012   Informe Técnico